LEADER 00653nam a2200181 i 4500 001 000000252045 003 CaOOAMICUS 005 20161213000000.0 008 161213s1864 it u000 u ita u 013 $a230950 040 $aSeMil$bita 245 10$aVol. 3. 300 $a459 p. 500 $aContiene: Discorsi pronunciati nella quarta legislatura : sessione 1851. 773 0 $aCavour, Camillo Benso $tDiscorsi parlamentari.$dTorino : Eredi Botta, 1863-1872.$g3$w()4286 850 $aSeMil 852 $aSeMil$W1$xVenegono$y1$m3N VI 3 FA$j202391$B202391$CSeMilBibl$Z2$F215137 $8I 996 $6245$aVol. 3$9(OLS)http://semarc/title/80712 LEADER 01350nam a2200313 i 4500 001 000000070224 003 CaOOAMICUS 005 20250228141016.0 008 130703s1852 fr u000 u fre u 040 $aSeMil$bita 100 0 $aConfucius,$d<0551?-0479? a.C.>.$0(OLS)http://semarc/name/29647 245 10$aConfucius et Mencius :$bles quatre livres de philosophie morale et politique de la Chine /$ctraduit du chinois par M. Guillaume Pauthier. 260 $aParis :$bCharpentier,$c1852. 300 $a465 p. ;$c19 cm. 650 4$aCina - Filosofia.$0(OLS)http://semarc/subject/11392 650 4$aConfucianesimo - Testi.$0(OLS)http://semarc/subject/14000 700 1 $aPauthier, Guillaume,$d<1801-1873>.$0(OLS)http://semarc/name/34994 700 0 $aMengzi,$d.$0(OLS)http://semarc/name/120640 850 $aSeMil 852 $aSeMil$W1$xVenegono$y1$m2P II 144 FA$j36377$B36377$CSeMilBibl$Z2$F36380 $8I 900 0 $aMencius. 900 1 $aKong, Qiu. 941 1 $a10 961 $aRecupero: Mantegazza 996 $6245$aConfucius et Mencius :$bles quatre livres de philosophie morale et politique de la Chine$9(OLS)http://semarc/title/112654 996 $6260$aParis :$bCharpentier$9(OLS)http://semarc/publisher/31295